[Event "COL-ch Amateurs U1700"]
[Site "Bogota"]
[Date "2021.06.26"]
[Round "5"]
[White "Campos Perilla, Angie Catalina"]
[Black "Gomez Diaz, Hector Javier"]
[Result "1-0"]
[WhiteElo "1311"]
[BlackElo "1560"]
[PlyCount "67"]
[EventDate "2021.06.23"]
[EventType "swiss"]
[EventRounds "7"]
[EventCountry "COL"]
[SourceTitle "CBM 203 Extra"]
[Source "ChessBase"]
[SourceDate "2021.09.30"]
[SourceVersion "1"]
[SourceVersionDate "2021.09.30"]
[SourceQuality "1"]

1. e4 c5 2. c3 e6 3. d4 cxd4 4. cxd4 a6 5. Nf3 d6 6. Bd3 Be7 7. Nc3 b5 8. a3 Bb7 9. Be3 Nf6 10. h3 0-0 11. 0-0 Nc6 12. Rc1 Rc8 13. Bb1 Na5 14. Qe2 Nc4 15. Rfd1 Nxe3 16. fxe3 Qb6 17. Kh1 Rfd8 18. e5 dxe5 19. Nxe5 Nd5 20. Bxh7+ Kxh7 21. Qh5+ Kg8 22. Qxf7+ Kh7 23. Qg6+ Kg8 24. Nxd5 Bxd5 25. Qf7+ Kh7 26. Qxe7 Re8 27. Qg5 Qb7 28. Rxc8 Rxc8 29. Rf1 Kg8 30. Rf7 Qxf7 31. Nxf7 Kxf7 32. Qf4+ Kg6 33. e4 Bc4 34. h4 1-0

[Event "Antioquia op"]
[Site "Antioquia"]
[Date "2020.03.06"]
[Round "5"]
[White "Diaz Larrea, Juan Manuel"]
[Black "Campos Perilla, Angie Catalina"]
[Result "1/2-1/2"]
[WhiteElo "1575"]
[BlackElo "1333"]
[PlyCount "112"]
[EventDate "2020.03.03"]
[EventType "swiss"]
[EventRounds "9"]
[EventCountry "COL"]
[SourceTitle "CBM 195 Extra"]
[Source "ChessBase"]
[SourceDate "2020.05.31"]
[SourceVersion "1"]
[SourceVersionDate "2020.05.31"]
[SourceQuality "1"]

1. e4 e5 2. Nf3 Nc6 3. Bb5 a6 4. Ba4 f5 5. d3 fxe4 6. dxe4 d6 7. 0-0 Nf6 8. Nc3 Be7 9. Bg5 0-0 10. h3 Kh8 11. Nh4 Qe8 12. Nf5 b5 13. Bb3 Na5 14. Nxe7 Qxe7 15. Nd5 Qd8 16. Bxf6 gxf6 17. Qh5 Nxb3 18. axb3 Bb7 19. c4 Rg8 20. Qf7 Bxd5 21. Qxd5 b4 22. c5 Qe7 23. cxd6 Qxd6 24. Qxd6 cxd6 25. Rfd1 Rgd8 26. Rd5 Rd7 27. Rda5 Rda7 28. R1a4 Kg7 29. Rxb4 Rc7 30. Rb6 Rc1+ 31. Kh2 Rc2 32. Raxa6 Rxa6 33. Rxa6 Rxf2 34. Rxd6 Rxb2 35. Rd3 Re2 36. b4 Rxe4 37. b5 Rb4 38. Rd7+ Kg6 39. Rb7 h5 40. b6 Kf5 41. Rb8 e4 42. b7 Kf4 43. Rf8 Rxb7 44. Rxf6+ Ke3 45. Rd6 Ke2 46. g3 e3 47. Kg2 Ke1 48. Rd3 e2 49. Ra3 Rb2 50. Ra8 Kd1 51. Ra1+ Kd2 52. Kf2 Rc2 53. Re1 Kd3 54. g4 hxg4 55. hxg4 Rc4 56. Rxe2 Rxg4 1/2-1/2

[Event "COL-ch U17"]
[Site "Bogota"]
[Date "2019.12.06"]
[Round "2.7"]
[White "Campos Perilla, Angie Catalina"]
[Black "Pacheco Pena, Juan Carlos"]
[Result "0-1"]
[WhiteElo "1327"]
[BlackElo "1543"]
[PlyCount "62"]
[EventDate "2019.12.06"]
[EventType "swiss"]
[EventRounds "6"]
[EventCountry "COL"]
[SourceTitle "EXT 2024"]
[Source "ChessBase"]
[SourceDate "2023.10.10"]
[SourceVersion "1"]
[SourceVersionDate "2023.10.10"]
[SourceQuality "1"]

1. e4 e5 2. Nf3 Nc6 3. Bc4 Bc5 4. 0-0 d6 5. c3 Nf6 6. d4 exd4 7. cxd4 Bb6 8. Nc3 Bg4 9. Bg5 h6 10. Bxf6 Qxf6 11. Nd5 Qd8 12. Nxb6 axb6 13. Qb3 0-0 14. Be2 Bxf3 15. Bxf3 Nxd4 16. Qe3 Nxf3+ 17. Qxf3 Qd7 18. Rfd1 Rfe8 19. Rd3 Qe6 20. Qg3 Qxe4 21. Re3 Qg6 22. Qf3 Rxe3 23. fxe3 c6 24. a3 Re8 25. Rf1 Re6 26. Qh3 h5 27. Qh4 f6 28. Qc4 Qe4 29. Qxe4 Rxe4 30. Kf2 Kf7 31. Rd1 Ke6 0-1

[Event "Pan American-ch School U17 Girls"]
[Site "Medellin"]
[Date "2019.11.17"]
[Round "9"]
[White "Vargas Ortiz, Grecia Valentina"]
[Black "Campos Perilla, Angie Catalina"]
[Result "1-0"]
[WhiteElo "1757"]
[BlackElo "1310"]
[PlyCount "69"]
[EventDate "2019.11.12"]
[EventType "swiss"]
[EventRounds "9"]
[EventCountry "COL"]
[SourceTitle "CBM 193 Extra"]
[Source "ChessBase"]
[SourceDate "2020.01.31"]
[SourceVersion "1"]
[SourceVersionDate "2020.01.31"]
[SourceQuality "1"]

1. Nf3 Nf6 2. c4 g6 3. Nc3 Bg7 4. e4 d6 5. d4 0-0 6. Be2 e5 7. dxe5 dxe5 8. Qxd8 Rxd8 9. Bg5 Re8 10. Nd5 Nxd5 11. cxd5 f5 12. Be3 fxe4 13. Nd2 Nd7 14. Nxe4 Nb6 15. 0-0-0 Bf5 16. Nc5 Rab8 17. Bb5 Re7 18. Rd2 a6 19. Be2 h6 20. Rhd1 Kh7 21. g4 Bc8 22. h4 Nd7 23. Ne6 Nf6 24. Nxg7 Rxg7 25. f3 e4 26. g5 exf3 27. Bxf3 Ng4 28. Bf4 Rd7 29. Rd4 h5 30. Rc4 Nf2 31. Rd2 Nh3 32. Rxc7 Rxc7+ 33. Bxc7 Ra8 34. d6 Bd7 35. Bxb7 1-0

[Event "Tunja Boyaca op-B"]
[Site "Tunja"]
[Date "2019.08.02"]
[Round "4"]
[White "Campos Perilla, Angie Catalina"]
[Black "Torrente, Andres Felipe"]
[Result "0-1"]
[WhiteElo "1270"]
[BlackElo "1699"]
[PlyCount "60"]
[EventDate "2019.07.31"]
[EventType "swiss"]
[EventRounds "9"]
[EventCountry "COL"]
[SourceTitle "EXT 2020"]
[Source "ChessBase"]
[SourceDate "2019.10.17"]
[SourceVersion "1"]
[SourceVersionDate "2019.10.17"]
[SourceQuality "1"]

1. e4 e5 2. Nf3 Nc6 3. Bc4 Bc5 4. 0-0 Nf6 5. d4 Bxd4 6. Nxd4 exd4 7. Re1 d6 8. c3 dxc3 9. Nxc3 0-0 10. Bg5 h6 11. Bh4 Ne5 12. Bb3 Ng6 13. Bg3 Re8 14. f4 Bg4 15. Qd2 Nh5 16. f5 Nf8 17. Bf2 Nf6 18. h3 Bh5 19. Bh4 g5 20. fxg6 Nxg6 21. Bxf6 Qxf6 22. Qxh6 Qh8 23. Qg5 Re5 24. Qg3 Qg7 25. Rf1 Nf8 26. Qf4 Ne6 27. Qf2 Ng5 28. Kh2 Nxe4 29. Nxe4 Rxe4 30. Bd5 Qe5+ 0-1

[Event "Tunja Boyaca op-B"]
[Site "Tunja"]
[Date "2019.08.01"]
[Round "2"]
[White "Campos Perilla, Angie Catalina"]
[Black "Rojas Castillo, Andrea Lizeth"]
[Result "0-1"]
[WhiteElo "1270"]
[BlackElo "1684"]
[PlyCount "30"]
[EventDate "2019.07.31"]
[EventType "swiss"]
[EventRounds "9"]
[EventCountry "COL"]
[SourceTitle "EXT 2020"]
[Source "ChessBase"]
[SourceDate "2019.10.17"]
[SourceVersion "1"]
[SourceVersionDate "2019.10.17"]
[SourceQuality "1"]

1. e4 c5 2. c3 Nf6 3. e5 Nd5 4. d4 e6 5. Nf3 h6 6. c4 Nb6 7. d5 d6 8. Nc3 dxe5 9. Nxe5 Bd6 10. Nf3 exd5 11. cxd5 0-0 12. Bd3 c4 13. Bc2 Bb4 14. 0-0 Bxc3 15. bxc3 Qxd5 0-1

[Event "Tunja Boyaca op-B"]
[Site "Tunja"]
[Date "2019.08.01"]
[Round "3"]
[White "Mesa Caceres, Anselmo"]
[Black "Campos Perilla, Angie Catalina"]
[Result "0-1"]
[WhiteElo "1555"]
[BlackElo "1270"]
[PlyCount "20"]
[EventDate "2019.07.31"]
[EventType "swiss"]
[EventRounds "9"]
[EventCountry "COL"]
[SourceTitle "EXT 2020"]
[Source "ChessBase"]
[SourceDate "2019.10.17"]
[SourceVersion "1"]
[SourceVersionDate "2019.10.17"]
[SourceQuality "1"]

1. d4 d5 2. Nf3 Nf6 3. Bf4 Bf5 4. h3 e6 5. c3 Bd6 6. Ne5 h6 7. e3 Nbd7 8. Qa4 0-0 9. Nxd7 Nxd7 10. Bxd6 cxd6 0-1

[Event "COL-ch sf3 U16"]
[Site "Moniquira"]
[Date "2019.05.23"]
[Round "1.7"]
[White "Loaiza Cuervo, Santiago"]
[Black "Campos Perilla, Angie Catalina"]
[Result "1-0"]
[WhiteElo "1737"]
[BlackElo "1204"]
[PlyCount "59"]
[EventDate "2019.05.23"]
[EventType "swiss"]
[EventRounds "6"]
[EventCountry "COL"]
[SourceTitle "EXT 2024"]
[Source "ChessBase"]
[SourceDate "2023.10.10"]
[SourceVersion "1"]
[SourceVersionDate "2023.10.10"]
[SourceQuality "1"]

1. e4 e5 2. Nf3 Nc6 3. d4 exd4 4. Bc4 Nf6 5. e5 d5 6. Bb5 Bd7 7. Nxd4 Ne4 8. Bxc6 bxc6 9. 0-0 Bc5 10. Be3 Bb6 11. f3 Ng5 12. f4 Ne4 13. Nd2 c5 14. N4f3 Nxd2 15. Qxd2 d4 16. Bf2 0-0 17. Qd3 a6 18. a4 Qc8 19. Nh4 f6 20. Rae1 fxe5 21. Rxe5 Rxf4 22. Rh5 h6 23. Rxh6 Bf5 24. Qc4+ Be6 25. Rxe6 Kh7 26. Ng6 Rf5 27. Ne7 Qf8 28. Nxf5 Qxf5 29. Qd3 Qxd3 30. cxd3 1-0

[Event "COL-ch U16 sf1"]
[Site "Duitama"]
[Date "2019.04.13"]
[Round "5.9"]
[White "Campos Perilla, Angie Catalina"]
[Black "Ruiz Jaraba, Valentina Sofia"]
[Result "0-1"]
[WhiteElo "1196"]
[BlackElo "1501"]
[PlyCount "44"]
[EventDate "2019.04.11"]
[EventType "swiss"]
[EventRounds "6"]
[EventCountry "COL"]
[SourceTitle "EXT 2024"]
[Source "ChessBase"]
[SourceDate "2023.10.10"]
[SourceVersion "1"]
[SourceVersionDate "2023.10.10"]
[SourceQuality "1"]

1. e4 c5 2. c3 Nf6 3. e5 Nd5 4. d4 cxd4 5. cxd4 Nc6 6. Nf3 d6 7. Bb5 Qa5+ 8. Nc3 Nxc3 9. Bxc6+ bxc6 10. bxc3 Qxc3+ 11. Bd2 Qd3 12. Qa4 Bd7 13. Qa5 e6 14. Rc1 Be7 15. Rc3 Qe4+ 16. Be3 dxe5 17. dxe5 Qb1+ 18. Rc1 Bb4+ 19. Bd2 Qxc1+ 20. Ke2 Qc4+ 21. Kd1 Bxa5 22. Bxa5 Qa4+ 0-1

[Event "COL-ch U18 sf1"]
[Site "Ibague"]
[Date "2019.04.06"]
[Round "4.7"]
[White "Perez Valcarcel, Maria Jose"]
[Black "Campos Perilla, Angie Catalina"]
[Result "1-0"]
[WhiteElo "1461"]
[BlackElo "1196"]
[PlyCount "111"]
[EventDate "2019.04.04"]
[EventType "tourn"]
[EventRounds "6"]
[EventCountry "COL"]
[SourceTitle "EXT 2024"]
[Source "ChessBase"]
[SourceDate "2023.10.10"]
[SourceVersion "1"]
[SourceVersionDate "2023.10.10"]
[SourceQuality "1"]

1. e4 e5 2. Nf3 Nc6 3. d4 exd4 4. Bc4 Bc5 5. c3 dxc3 6. Bxf7+ Kxf7 7. Qd5+ Kf8 8. Qxc5+ d6 9. Qxc3 Qe7 10. 0-0 Nf6 11. Bg5 Kf7 12. Nbd2 Re8 13. Qc2 Ne5 14. Nxe5+ Qxe5 15. Bxf6 gxf6 16. Qxc7+ Re7 17. Qc3 Qg5 18. f4 Qc5+ 19. Qxc5 dxc5 20. Rac1 b6 21. Nc4 Ba6 22. Nd6+ Ke6 23. Rfd1 Rd7 24. e5 fxe5 25. fxe5 Kxe5 26. Nc4+ Ke6 27. Re1+ Kf6 28. Ne3 Rg8 29. Rc2 Bb7 30. Rf2+ Kg6 31. Ng4 Rd4 32. Ne5+ Kg5 33. Nf7+ Kg6 34. Re6+ Kg7 35. Nh6 Rd1+ 36. Rf1 Rxf1+ 37. Kxf1 Rf8+ 38. Kg1 Rb8 39. Ng4 h5 40. Ne3 Kf7 41. Rh6 Be4 42. Rxh5 a5 43. Nc4 Bg6 44. Rh4 Kf6 45. Rf4+ Ke6 46. g3 Bb1 47. a3 Ba2 48. Ne3 b5 49. h4 b4 50. axb4 axb4 51. h5 Rc8 52. h6 c4 53. h7 c3 54. Rxb4 Ke5 55. bxc3 Rxc3 56. h8Q+ 1-0

[Event "COL-ch U18 sf1"]
[Site "Ibague"]
[Date "2019.04.05"]
[Round "3.6"]
[White "Campos Perilla, Angie Catalina"]
[Black "Florez Caceres, Rafael Omar"]
[Result "0-1"]
[WhiteElo "1196"]
[BlackElo "1583"]
[PlyCount "50"]
[EventDate "2019.04.04"]
[EventType "tourn"]
[EventRounds "6"]
[EventCountry "COL"]
[SourceTitle "EXT 2024"]
[Source "ChessBase"]
[SourceDate "2023.10.10"]
[SourceVersion "1"]
[SourceVersionDate "2023.10.10"]
[SourceQuality "1"]

1. e4 c5 2. c3 e6 3. d4 cxd4 4. cxd4 d5 5. exd5 exd5 6. Nc3 Nf6 7. Bg5 Be7 8. Bb5+ Nc6 9. Nf3 0-0 10. 0-0 Bg4 11. Be2 Rc8 12. Re1 h6 13. Bh4 Re8 14. Qd3 a6 15. Rad1 Ne4 16. Bxe7 Rxe7 17. Nd2 Nb4 18. Qb1 Nxc3 19. bxc3 Bxe2 20. Qxb4 Re8 21. Rc1 b5 22. a4 Qg5 23. Rc2 Bd3 24. Rxe8+ Rxe8 25. Rc1 Qxd2 0-1

[Event "COL-ch (Women)"]
[Site "Bogota"]
[Date "2018.11.12"]
[Round "9"]
[White "Campos Perilla, Angie Catalina"]
[Black "Macias Chavarro, Manuela"]
[Result "1/2-1/2"]
[WhiteElo "1232"]
[BlackElo "1647"]
[PlyCount "45"]
[EventDate "2018.11.06"]
[EventType "swiss"]
[EventRounds "9"]
[EventCountry "COL"]
[SourceTitle "CBM 187 Extra"]
[Source "ChessBase"]
[SourceDate "2018.11.04"]
[SourceVersion "1"]
[SourceVersionDate "2018.11.04"]
[SourceQuality "1"]

1. e4 e5 2. Nf3 Nc6 3. Bc4 Bc5 4. c3 d6 5. d4 exd4 6. cxd4 Bb4+ 7. Nc3 Bg4 8. 0-0 Nf6 9. Re1 0-0 10. a3 Ba5 11. Be2 Bxc3 12. bxc3 Nxe4 13. Qd3 d5 14. Ne5 Bxe2 15. Rxe2 Nxe5 16. dxe5 c6 17. Qd4 f6 18. f3 fxe5 19. Qxe5 Qf6 20. Qxf6 Nxf6 21. Bg5 Rae8 22. Rae1 Kf7 23. Kf2 1/2-1/2

[Event "COL-ch (Women)"]
[Site "Bogota"]
[Date "2018.11.09"]
[Round "5"]
[White "Almanza Avila, Nataly"]
[Black "Campos Perilla, Angie Catalina"]
[Result "1-0"]
[WhiteElo "1339"]
[BlackElo "1232"]
[PlyCount "87"]
[EventDate "2018.11.06"]
[EventType "swiss"]
[EventRounds "9"]
[EventCountry "COL"]
[SourceTitle "CBM 187 Extra"]
[Source "ChessBase"]
[SourceDate "2018.11.04"]
[SourceVersion "1"]
[SourceVersionDate "2018.11.04"]
[SourceQuality "1"]

1. d4 d5 2. c4 e5 3. cxd5 Qxd5 4. a3 exd4 5. Nf3 Nc6 6. e3 Bg4 7. Be2 0-0-0 8. exd4 Nxd4 9. Nxd4 Bxe2 10. Qxe2 Qxg2 11. Qf3 Qg6 12. Qf5+ Qxf5 13. Nxf5 Nf6 14. Nc3 Bc5 15. 0-0 Ng4 16. Ne4 Bb6 17. Bf4 g6 18. Nfg3 f5 19. h3 fxe4 20. hxg4 Rde8 21. Rfe1 Re6 22. Rxe4 Rxe4 23. Nxe4 h5 24. Kg2 h4 25. Rh1 Kd7 26. Bg5 Ke6 27. Rxh4 Rxh4 28. Bxh4 Ke5 29. f3 c6 30. Bg3+ Ke6 31. f4 Kd5 32. Kf3 Bd4 33. Nc3+ Ke6 34. Bf2 c5 35. Bxd4 cxd4 36. Nb5 Kd5 37. Nxa7 Kc4 38. Ke2 Kb3 39. Kd3 Kxb2 40. Kxd4 Kxa3 41. f5 gxf5 42. gxf5 Kb4 43. f6 b5 44. Nxb5 1-0

[Event "COL-ch (Women)"]
[Site "Bogota"]
[Date "2018.11.08"]
[Round "4"]
[White "Campos Perilla, Angie Catalina"]
[Black "Manzano Gomez, Valentina"]
[Result "1-0"]
[WhiteElo "1232"]
[BlackElo "1618"]
[PlyCount "45"]
[EventDate "2018.11.06"]
[EventType "swiss"]
[EventRounds "9"]
[EventCountry "COL"]
[SourceTitle "CBM 187 Extra"]
[Source "ChessBase"]
[SourceDate "2018.11.04"]
[SourceVersion "1"]
[SourceVersionDate "2018.11.04"]
[SourceQuality "1"]

1. e4 c5 2. Nf3 Nc6 3. d4 cxd4 4. Nxd4 Nf6 5. Nc3 d6 6. f3 e5 7. Nb3 Be6 8. Be3 Be7 9. Qd2 d5 10. exd5 Nxd5 11. 0-0-0 Nxe3 12. Qxe3 Qc8 13. Bb5 0-0 14. g4 h6 15. Qe4 Bg5+ 16. Kb1 f5 17. gxf5 Bxf5 18. Bc4+ Kh8 19. Qe2 Re8 20. Ne4 Qc7 21. Nxg5 Nd4 22. Nf7+ Kh7 23. Nxd4 1-0

[Event "Bogota AlphaZero op"]
[Site "Bogota"]
[Date "2018.08.18"]
[Round "3"]
[White "Campos Perilla, Angie Catalina"]
[Black "Acosta Cruz, Luis Ivan"]
[Result "0-1"]
[WhiteElo "1244"]
[BlackElo "1779"]
[PlyCount "38"]
[EventDate "2018.08.17"]
[EventType "swiss"]
[EventRounds "7"]
[EventCountry "COL"]
[SourceTitle "CBM 186 Extra"]
[Source "ChessBase"]
[SourceDate "2018.08.24"]
[SourceVersion "1"]
[SourceVersionDate "2018.08.24"]
[SourceQuality "1"]

1. e4 e5 2. Nf3 Nc6 3. Bc4 Nf6 4. d3 Bc5 5. 0-0 d6 6. Nc3 a6 7. a3 Bg4 8. h3 Bh5 9. Bg5 h6 10. Bh4 g5 11. Bg3 Nd4 12. Na4 Ba7 13. Nc3 Qd7 14. Kh2 0-0-0 15. Nd5 Nxd5 16. Bxd5 c6 17. Ba2 f5 18. c3 Nxf3+ 19. gxf3 f4 0-1